000 00525nam a2200157Ia 4500
008 191021s9999 xx 000 0 und d
020 _a978-0-13-430350-5
100 _aVallen, Gary K
245 _cVallen. Gary K, Vallen Jerome J.--
_aCheck-in check-out :
_bmanaging hotel operations /
250 _a10th ed.
260 _aBoston :
_bPearson Inc.
_c2018.
300 _ax, 499 pages :
_bcolor illustrations ;
_c29 cm.
500 _aIncludes glossary and index.
650 _aHotel management.
650 _aMotel management.
999 _c362271
_d362271